Jan z Pernštejna
| Titel: | Jan z Pernštejna : 1561 - 1597 ; hospodářský úpadek Pernštejnů / Marek Vařeka |
|---|---|
| Verfasser: | |
| Ausgabe: | Vyd. 1. |
| Veröffentlicht: | České Budějovice : Veduta, 2008 |
| Umfang: | 341, VIII Seiten : Illustrationen, Karten |
| Format: | Buch |
| Sprache: | Tschechisch |
| Schriftenreihe/ mehrbändiges Werk: |
Edice Osobnosti českých a moravských dějin ; 6 |
| ISBN: | 9788086829364 ; 8086829367 |
| Hinweise zum Inhalt: |
Inhaltsverzeichnis
Rezension Inhaltsverzeichnis |
alg: 22929450 001A $03004:06-12-10 001B $01999:01-06-25 $t18:57:26.000 001D $03004:28-04-11 001U $0utf8 001X $00 002@ $0Aau 002C $aText $btxt $2rdacontent 002D $aohne Hilfsmittel zu benutzen $bn $2rdamedia 002E $aBand $bnc $2rdacarrier 003@ $0229294502 004A $A978-80-86829-36-4 004A $080-86829-36-7 007A $0BV035166957 $aBVB 007G $0DE020957CA1F2FE9BCEEAC12578D8004966C7 007T $0Herdpp131521 009P $A2 $3Inhaltsverzeichnis $uhttp://bvbr.bib-bvb.de:8991/F?func=service&doc_library=BVB01&doc_number=016973965&line_number=0001&func_code=DB_RECORDS&service_type=MEDIA 009P $A2 $3Rezension $uhttp://bvbr.bib-bvb.de:8991/F?func=service&doc_library=BVB01&doc_number=016973965&line_number=0002&func_code=DB_RECORDS&service_type=MEDIA 009P $qapplication/pdf $A2 $3Inhaltsverzeichnis $uhttp://scans.hebis.de/HEBCGI/show.pl?22929450_toc.pdf $mV:DE-603;B:DE-Mb50 010@ $acze 011@ $a2008 $n2008 013D $RBiograf $RLebenslauf $RBiografik $#Biographies $#Biography $#Biographies -- Histoire et critique $#Biographie $#Biographisches Nachschlagewerk $#Lebensbeschreibung $#Berühmte Persönlichkeit Biografie $#Biografisches Nachschlagewerk $74006804-3 $8Biografie [Ts1] $9085010375 021A $aJan z Pernštejna $d1561 - 1597 ; hospodářský úpadek Pernštejnů $hMarek Vařeka 028A $BVerfasser $4aut $D20231015 $Ecgwrk $7104716633X $8Vařeka, Marek$Z1980- [Tp3] $9336083106 032@ $aVyd. 1. 033A $pČeské Budějovice $nVeduta 034D $a341, VIII Seiten 034M $aIllustrationen, Karten 036E $aEdice Osobnosti českých a moravských dějin $l6 036F $x16 $8Edice Osobnosti českých a moravských dějin $918878411X $l6 039U $aRezensiert in $8--Aox--Doležel, Petr. Vařeka, Marek. Jan z Pernštejna. - České Budějovice : Veduta. - 2008 [Rezension], 2008 [2009] $9395168880 039U $aRezensiert in $8--Aox--Závodná, Michaela. Vařeka, Marek. Jan z Pernštejna. - České Budějovice : Veduta. - 2008 [Rezension], 2010 $9395192218 039U $aRezensiert in $8--Aox--Bůžek, Václav. Vařeka, Marek. Jan z Pernštejna. - České Budějovice : Veduta. - 2008 [Rezension], 2009 $9395193273 044K $qBVB $#Pernestain, Ioannes de $#Pernšteina, Jan z $#Pernštejna, Jan z $#Bernstein, Johann von $#Pernstein, Johannes von $#Bernstein, Johannes von $#Pernstein, Hans von $#Bernstein, Hans von $7137180098 $8Pernstein, Johann$cvon$Z1561-1597 [Tp1] $9208655891 045F $a900.9437109031 $eDDC23BSB 045F/01 $a900 045F/03 $f09031 045F/03 $g4371 045G $a330.094371 $eDDC23BSB 045G/01 $a330.09 045G/03 $g4371 045H $a306.094371 $eDDC23BSB 045H/01 $a306.09 045H/03 $g4371 046L $aZusammenfassung in deutscher Sprache lok: 22929450 24 101B $029-04-11 $t09:10:14.000 101C $028-04-11 101U $0utf8 145Z/01 $a2 P 1649 145Z/02 $a2 P 1370 145Z/03 $a23 7 F 145Z/04 $a23 13 A 145Z/05 $a23 13 L exp: 22929450 24 1 #EPN 201B/01 $028-04-11 $t14:25:21.000 201C/01 $006-12-10 201U/01 $0utf8 203@/01 $0603332714 208@/01 $a28-04-11 $bz 209A/01 $a10.7102 $du $f050 $h10 7102 $x00 209C/01 $a10.7102 K $h10 7102 K 209G/01 $a72589556 $x00 220C/01 $akon 244Z/01 $#Pernestain, Ioannes de $#Pernšteina, Jan z $#Pernštejna, Jan z $#Bernstein, Johann von $#Pernstein, Johannes von $#Bernstein, Johannes von $#Pernstein, Hans von $#Bernstein, Hans von $7137180098 $8--Tp1--Pernstein, Johann$cvon$Z1561-1597 $x01 $9208655891 247C/01 $8358050-7Marburg, Bibliothek des Herder-Instituts Marburg $9102600961 lok: 22929450 78 exp: 22929450 78 1 #EPN 201B/01 $026-11-17 $t00:28:48.000 201U/01 $0utf8 203@/01 $0792089596 208@/01 $a12-11-16 $be 209A/01 $a/ $f000 $x00 220C/01 $aHerkunft: Hú Av Čr Praha 237A/01 $aRés. něm. s. 336-341. - weiterführende Signatur(en): Herder-Institut: 10.7102 244Z/01 $#Tschechien $#Tschechische Republik $#Tschechien $#Tschechische Republik $#Tschechenland $#Tschechei Tschechien $#Česká Republika $#Czech Republic $#ČR $74303381-7 $8--Tg1--Tschechien $x01 $9086659812 244Z/01 $2Trx $#Böhmen $#Bohemia $#Czechy $8--Trx--Čechy $x02 $9391188941 244Z/01 $aGeschichte 1561-1597 $x03 244Z/01 $2Trx $#Pernštejna, Jan z $8--Trx--Pernstein, Johann von$Z1561-1597 $x04 $9390975400 244Z/01 $ahospodářství vrchnostenské $x05 244Z/01 $2Trx $8--Trx--Monographie $x06 $9391384546 244Z/01 $2Trx $#biograafiad $#biografijos $#biography $#életrajzok $#biografia $#biografie $#biografie $8--Trx--Biographie $x07 $9391352938 247C/01 $82080>Marburg/Lahn, Herder-Institut, Forschungsbibliothek, Bibliographieportal $9336309341
| LEADER | 00000cam a2200000 c 4500 | ||
|---|---|---|---|
| 001 | 229294502 | ||
| 003 | DE-603 | ||
| 005 | 20250601185726.0 | ||
| 007 | tu | ||
| 008 | 101206s2008 xx |||| | u00||u|cze c | ||
| 020 | |a 9788086829364 | ||
| 020 | |a 8086829367 | ||
| 035 | |a (DE-599)BVBBV035166957 | ||
| 040 | |a DE-603 |b ger |c DE-603 |d DE-603 | ||
| 041 | |a cze | ||
| 082 | 0 | 4 | |8 1\u |a 900.9437109031 |q DE-101 |2 23/BSB |
| 083 | 0 | |8 2\u |a 330.094371 |q DE-101 |2 23/BSB | |
| 083 | 0 | |8 3\u |a 306.094371 |q DE-101 |2 23/BSB | |
| 085 | |8 1\u |b 900 | ||
| 085 | |8 1\u |z 1 |s 09031 | ||
| 085 | |8 1\u |z 2 |s 4371 | ||
| 085 | |8 2\u |b 330.09 | ||
| 085 | |8 2\u |z 2 |s 4371 | ||
| 085 | |8 3\u |b 306.09 | ||
| 085 | |8 3\u |z 2 |s 4371 | ||
| 100 | 1 | |a Vařeka, Marek |d 1980- |e Verfasser |4 aut |0 (DE-603)336083106 |0 (DE-588)104716633X |2 gnd | |
| 245 | 0 | 0 | |a Jan z Pernštejna |b 1561 - 1597 ; hospodářský úpadek Pernštejnů |c Marek Vařeka |
| 250 | |a Vyd. 1. | ||
| 264 | 1 | |a České Budějovice |b Veduta |c 2008 | |
| 300 | |a 341, VIII Seiten |b Illustrationen, Karten | ||
| 336 | |a Text |b txt |2 rdacontent | ||
| 337 | |a ohne Hilfsmittel zu benutzen |b n |2 rdamedia | ||
| 338 | |a Band |b nc |2 rdacarrier | ||
| 490 | 1 | |a Edice Osobnosti českých a moravských dějin |v 6 | |
| 546 | |a Zusammenfassung in deutscher Sprache | ||
| 600 | 1 | 7 | |a Pernstein, Johann von |d 1561-1597 |0 (DE-588)137180098 |0 (DE-603)208655891 |2 gnd |
| 655 | 7 | |a Biografie |2 gnd-content |0 (DE-588)4006804-3 |0 (DE-603)085010375 | |
| 787 | 0 | 8 | |i Rezensiert in |a Doležel, Petr |t Vařeka, Marek. Jan z Pernštejna. - České Budějovice : Veduta. - 2008 [Rezension] |w (DE-603)395168880 |
| 787 | 0 | 8 | |i Rezensiert in |a Závodná, Michaela |t Vařeka, Marek. Jan z Pernštejna. - České Budějovice : Veduta. - 2008 [Rezension] |w (DE-603)395192218 |
| 787 | 0 | 8 | |i Rezensiert in |a Bůžek, Václav |t Vařeka, Marek. Jan z Pernštejna. - České Budějovice : Veduta. - 2008 [Rezension] |w (DE-603)395193273 |
| 830 | 0 | |t Edice Osobnosti českých a moravských dějin |v 6 |w (DE-603)18878411X |w (DE-600)2191052-2 |9 16 |7 as | |
| 856 | 4 | 2 | |u http://bvbr.bib-bvb.de:8991/F?func=service&doc_library=BVB01&doc_number=016973965&line_number=0001&func_code=DB_RECORDS&service_type=MEDIA |3 Inhaltsverzeichnis |
| 856 | 4 | 2 | |u http://bvbr.bib-bvb.de:8991/F?func=service&doc_library=BVB01&doc_number=016973965&line_number=0002&func_code=DB_RECORDS&service_type=MEDIA |3 Rezension |
| 856 | 4 | 2 | |m V:DE-603;B:DE-Mb50 |q application/pdf |u http://scans.hebis.de/HEBCGI/show.pl?22929450_toc.pdf |3 Inhaltsverzeichnis |
| 924 | 0 | |9 Mb 50 |a (DE-603)603332714 |b DE-Mb50 |c HES |d c |g 10.7102 | |
| 924 | 0 | |9 2080 |a (DE-603)792089596 |b DE-2080 |c HES |d d |g / | |


